Las Relaciones de Costa Rica y Nicaragua

Las relaciones diplomáticas entre Costa Rica y Nicaragua se deben entender sobre la base de los principales elementos en pugna dentro de la crisis regional centroamericana: el enfrentamiento entre dichos países es el resultado de una serie de variables económicas, políticas e ideológicas, que están...

ver descrição completa

Na minha lista:
Detalhes bibliográficos
Formato: Texto
Assuntos:
Tags: Adicionar Tag
Sem tags, seja o primeiro a adicionar uma tag!

MARC

LEADER 00000 a a2200000 04500
001 4042
003
040
245 |a Las Relaciones de Costa Rica y Nicaragua  
520 |a Las relaciones diplomáticas entre Costa Rica y Nicaragua se deben entender sobre la base de los principales elementos en pugna dentro de la crisis regional centroamericana: el enfrentamiento entre dichos países es el resultado de una serie de variables económicas, políticas e ideológicas, que están en la base del conflicto, el cual está determinado por la presencia de los intereses estadounidenses. La Alianza Revolucionaria Democrática (ARDE), que opera desde Costa rica, es otro elemento que influye en las relaciones Costa Rica-Nicaragua, aparte de que la empresa privada, medios de comunicación y algunos partidos políticos promueven la guerra y el no-diálogo. La situación centroamericana tambiés es parte importante dentro de la actual campaña electoral estadounidense, donde se palpan sesiblemente los intereses políticos y económicos de esa nación. HBQ/mb  
650 |a RELACIONES INTERNACIONALES  
650 |a CONFLICTOS  
650 |a CONDICIONES ECONOMICAS  
650 |a POLITICA  
650 |a IDEOLOGIAS POLITICAS  
650 |a NEUTRALIDAD  
650 |a GRUPOS DE INTERESES  
650 |a CRONOLOGIA  
773 |g número 8; páginas 12-21  
999 |c 33696  |d 33696